[Event "Championship Saratov region 2014"]
[Site "Saratov"]
[Date "2014.12.06"]
[Round "1.1"]
[White "Aleev, Aleksandr"]
[Black "Petukhov, Dmitry"]
[Result "0-1"]
[WhiteElo "1949"]
[BlackElo "2359"]
[PlyCount "94"]
[EventDate "2014.12.06"]

1. e4 c5 2. Nf3 d6 3. d4 cxd4 4. Nxd4 Nf6 5. f3 Nc6 6. Be3 e5 7. Nb5 a6 8. N5a3
d5 9. Bg5 dxe4 10. Qxd8+ Nxd8 11. Bxf6 gxf6 12. fxe4 b5 13. c3 Bb7 14. Nd2 Ne6
15. Nc2 Nc5 16. Be2 Nxe4 17. Bf3 f5 18. Ne3 O-O-O 19. Nxe4 fxe4 20. Bg4+ Kb8
21. Rf1 Bh6 22. Nf5 Bd2+ 23. Ke2 Rhg8 24. Bh3 Bc8 25. Rad1 Be6 26. Ne3 Bxe3 27.
Rxd8+ Rxd8 28. Kxe3 Bc4 29. Rf5 Rd3+ 30. Kxe4 Rd2 31. Rxe5 Rxb2 32. Kd4 Rxa2
33. Re7 Re2 34. Rxe2 Bxe2 35. Bf5 h6 36. Ke5 a5 37. h4 a4 38. Kf6 a3 39. Bb1
Bd3 40. Ba2 Bc4 41. Bb1 a2 42. Bxa2 Bxa2 43. g4 Kc7 44. h5 Kd6 45. Kg7 Be6 46.
g5 hxg5 47. Kf6 Bb3 0-1

[Event "Championship Saratov region 2014"]
[Site "Saratov"]
[Date "2014.12.06"]
[Round "1.2"]
[White "Sanzhaev, Darsen"]
[Black "Brekhov, Denis"]
[Result "1-0"]
[WhiteElo "2344"]
[BlackElo "1949"]
[PlyCount "50"]
[EventDate "2014.12.06"]

1. d4 Nf6 2. c4 g6 3. Nc3 d5 4. cxd5 Nxd5 5. e4 Nxc3 6. bxc3 Bg7 7. Be3 c5 8.
Qd2 O-O 9. Rc1 cxd4 10. cxd4 Nc6 11. d5 Ne5 12. h3 Nd7 13. Ne2 f5 14. exf5 gxf5
15. Nf4 Nf6 16. Bd3 Kh8 17. Bb1 Qe8 18. O-O Nh5 19. Rfe1 Nxf4 20. Bxf4 Bd7 21.
Qb4 e5 22. Bxe5 Bxe5 23. f4 Qf7 24. Rxe5 Rac8 25. Rce1 b6 1-0

[Event "Championship Saratov region 2014"]
[Site "Saratov"]
[Date "2014.12.06"]
[Round "1.3"]
[White "Chekmareva, Liya"]
[Black "Shlegin, Stanislav"]
[Result "1/2-1/2"]
[WhiteElo "1948"]
[BlackElo "2336"]
[PlyCount "115"]
[EventDate "2014.12.06"]

1. e4 e5 2. Nf3 d6 3. d4 Nf6 4. Nc3 Nbd7 5. Bc4 Be7 6. O-O O-O 7. h3 c6 8. a4
b6 9. dxe5 dxe5 10. Qe2 Qc7 11. Bg5 Nc5 12. Bh4 Nh5 13. Bg3 Nxg3 14. fxg3 Be6
15. b4 Bxc4 16. Qxc4 Ne6 17. Nd1 Rad8 18. c3 Bg5 19. h4 Bh6 20. Kh2 g6 21. Nf2
Bg7 22. g4 Qb7 23. g5 h5 24. gxh6 Bxh6 25. Ng4 Bg7 26. Kh1 Qc7 27. Ra2 Rde8 28.
Raf2 f6 29. Nfxe5 Kh7 30. Nxc6 Qg3 31. Nh2 Qxh4 32. Rf3 Ng5 33. Rf4 Qg3 34. Rg4
Qc7 35. e5 Ne6 36. Rh4+ Kg8 37. exf6 Rxf6 38. Rxf6 Bxf6 39. Re4 Qd6 40. Nd4
Bxd4 41. cxd4 Kg7 42. Nf3 Rh8+ 43. Kg1 Nf4 44. Ne5 Nd5 45. Rg4 Rh6 46. Qf1 Nf6
47. Rf4 g5 48. Rxf6 Rxf6 49. Qd3 Rf4 50. Nf3 g4 51. Nh4 Qe6 52. Kh2 Qe4 53. Qc3
Rf6 54. Qc7+ Rf7 55. Qc3 Rf6 56. Qc7+ Kh6 57. Qd8 Kg7 58. Qc7+ 1/2-1/2

[Event "Championship Saratov region 2014"]
[Site "Saratov"]
[Date "2014.12.06"]
[Round "1.4"]
[White "Dmitriev, Igor"]
[Black "Brineva, Elena G"]
[Result "1-0"]
[WhiteElo "2279"]
[BlackElo "1910"]
[PlyCount "103"]
[EventDate "2014.12.06"]

1. e4 d6 2. d4 Nf6 3. f3 g6 4. Be3 Bg7 5. Qd2 h6 6. c4 Nbd7 7. Nc3 c6 8. Nh3
Qc7 9. Nf2 a6 10. Rc1 b6 11. Be2 Bb7 12. O-O Kf8 13. f4 Kg8 14. e5 dxe5 15.
fxe5 Ne8 16. Nfe4 c5 17. Nd5 Qd8 18. dxc5 Nxc5 19. Nxc5 bxc5 20. Bxc5 Bxd5 21.
Qxd5 Qxd5 22. cxd5 Bxe5 23. Bxe7 f5 24. Rc6 Ra7 25. d6 Nf6 26. Rxa6 Rxa6 27.
Bxa6 Kf7 28. Bc4+ Ke8 29. Be6 Ng8 30. Bxg8 Rxg8 31. Rc1 Kd7 32. Rc7+ Ke6 33.
Rb7 Bxd6 34. Bxd6 Kxd6 35. a4 Rc8 36. a5 Rc1+ 37. Kf2 g5 38. b4 Rc2+ 39. Kf1
Rc1+ 40. Ke2 Rc2+ 41. Kd3 Rxg2 42. Rb6+ Kd5 43. Rb5+ Kd6 44. a6 Kc7 45. Rxf5
Rxh2 46. Kc4 g4 47. Kb5 g3 48. Rc5+ Kd6 49. a7 Ra2 50. Kb6 h5 51. Kb7 g2 52.
Rc1 1-0

[Event "Championship Saratov region 2014"]
[Site "Saratov"]
[Date "2014.12.06"]
[Round "1.5"]
[White "Upolovnev, Vladimir"]
[Black "Biryukov, Dmitriy"]
[Result "0-1"]
[WhiteElo "1909"]
[BlackElo "2278"]
[PlyCount "68"]
[EventDate "2014.12.06"]

1. Nc3 d6 2. d4 g6 3. Bg5 Bg7 4. Qd2 h6 5. Bh4 Nf6 6. e4 g5 7. Bg3 Nh5 8. Nge2
Nc6 9. d5 Ne5 10. Nd4 O-O 11. Be2 Nxg3 12. hxg3 c5 13. dxc6 Nxc6 14. Nxc6 bxc6
15. f4 Qa5 16. Rh5 Qb4 17. e5 gxf4 18. gxf4 Qxb2 19. Rb1 Qa3 20. Rb3 Qc5 21.
Bf1 Bg4 22. Rh4 Be6 23. Ne4 Qd5 24. Bd3 dxe5 25. f5 Bxf5 26. c4 Qe6 27. Qf2 Bg6
28. Nc5 Qf6 29. Qg3 e4 30. Nxe4 Qa1+ 31. Rb1 Qxa2 32. Rg4 Rad8 33. Rxg6 fxg6
34. Nc3 Bxc3+ 0-1

[Event "Championship Saratov region 2014"]
[Site "Saratov"]
[Date "2014.12.06"]
[Round "1.6"]
[White "Karpenko, Artem"]
[Black "Fedukin, Alexandre"]
[Result "1-0"]
[WhiteElo "2165"]
[BlackElo "1862"]
[PlyCount "55"]
[EventDate "2014.12.06"]

1. e4 c5 2. Nf3 Nc6 3. Bb5 g6 4. O-O Bg7 5. c3 e5 6. d4 exd4 7. cxd4 Nxd4 8.
Nxd4 cxd4 9. e5 Qb6 10. Na3 Bf8 11. Qb3 Bc5 12. Nc4 Qe6 13. Nd6+ Bxd6 14. exd6
Qxb3 15. axb3 b6 16. Re1+ Kf8 17. Bf4 f6 18. Re2 g5 19. Bg3 Nh6 20. Rae1 Nf5
21. Bd3 Ng7 22. Re7 Ne6 23. f4 Rg8 24. f5 Rg7 25. fxe6 Rxe7 26. dxe7+ Ke8 27.
Be4 d5 28. Bxd5 1-0

[Event "Championship Saratov region 2014"]
[Site "Saratov"]
[Date "2014.12.06"]
[Round "1.7"]
[White "Bolychevsky, Alexander"]
[Black "Efimov, Ivan"]
[Result "0-1"]
[WhiteElo "1861"]
[BlackElo "2157"]
[PlyCount "66"]
[EventDate "2014.12.06"]

1. Nf3 d5 2. d4 Nf6 3. c4 e6 4. Nc3 c5 5. cxd5 Nxd5 6. dxc5 Nxc3 7. Qxd8+ Kxd8
8. bxc3 Bxc5 9. Bf4 f6 10. Rd1+ Ke7 11. g3 e5 12. Bc1 Be6 13. Rd2 Nc6 14. Bg2
e4 15. Nd4 Nxd4 16. cxd4 Bb4 17. Bxe4 Rac8 18. O-O Rxc1 19. Rxc1 Bxd2 20. Rc7+
Bd7 21. Rxb7 a5 22. a3 g5 23. Bc6 Rd8 24. e3 Kd6 25. Bxd7 Rxd7 26. Rb6+ Ke7 27.
Rc6 Rb7 28. Rc2 Rb1+ 29. Kg2 Be1 30. Kf3 Rb3 31. Ke2 Bc3 32. Ra2 a4 33. Kd1 Rb2
0-1

[Event "Championship Saratov region 2014"]
[Site "Saratov"]
[Date "2014.12.06"]
[Round "1.8"]
[White "Gluhenkii, Dmitry"]
[Black "Gitelson, Arkady"]
[Result "1-0"]
[WhiteElo "2141"]
[BlackElo "1854"]
[PlyCount "49"]
[EventDate "2014.12.06"]

1. e4 e6 2. Nc3 d5 3. Nf3 Nf6 4. exd5 exd5 5. d4 Be7 6. Bg5 Bf5 7. Bd3 Bg6 8.
Ne5 Bxd3 9. Qxd3 c6 10. O-O-O O-O 11. f4 b5 12. Bxf6 Bxf6 13. Qf5 g6 14. Qg4
Bg7 15. Kb1 a5 16. h4 h5 17. Qf3 Qc8 18. Rdg1 Nd7 19. g4 Nxe5 20. dxe5 hxg4 21.
Rxg4 Qe8 22. h5 gxh5 23. Rxg7+ Kxg7 24. Qg3+ Kh6 25. Qg5+ 1-0

[Event "Championship Saratov region 2014"]
[Site "Saratov"]
[Date "2014.12.06"]
[Round "1.9"]
[White "Kavyev, Ruslan"]
[Black "Kvitka, Roman"]
[Result "1-0"]
[WhiteElo "1854"]
[BlackElo "2140"]
[PlyCount "73"]
[EventDate "2014.12.06"]

1. e4 c5 2. Nf3 e6 3. d4 cxd4 4. Nxd4 a6 5. Bd3 Qc7 6. O-O Nf6 7. Qe2 d6 8. c4
Be7 9. Nc3 O-O 10. f4 Nbd7 11. Kh1 Re8 12. b4 b5 13. Bd2 bxc4 14. Bxc4 Bb7 15.
Rac1 Qb6 16. Nb3 d5 17. Na4 Qd8 18. Na5 Qb8 19. e5 dxc4 20. exf6 Nxf6 21. Nxb7
Qxb7 22. Qxc4 Qd7 23. Qc2 Rac8 24. Nc5 Qd5 25. Be3 Ng4 26. Bg1 Bxc5 27. bxc5
Rc6 28. Rfd1 Qf5 29. Qxf5 exf5 30. Rd5 g6 31. Rd6 Rec8 32. Rcd1 Nf6 33. Rd8+
Kg7 34. Rxc8 Rxc8 35. Bd4 Rc6 36. Rc1 h6 37. h4 1-0

[Event "Championship Saratov region 2014"]
[Site "Saratov"]
[Date "2014.12.06"]
[Round "1.10"]
[White "Lysenkov, Alexandr"]
[Black "Gagarkine, Nikolay"]
[Result "1/2-1/2"]
[WhiteElo "2113"]
[BlackElo "1838"]
[PlyCount "140"]
[EventDate "2014.12.06"]

1. d4 d5 2. c4 Nf6 3. Nf3 Bf5 4. cxd5 Bxb1 5. Rxb1 Qxd5 6. Ra1 e6 7. e3 Bb4+ 8.
Bd2 Bxd2+ 9. Qxd2 Ne4 10. Qb4 a5 11. Qc4 Qxc4 12. Bxc4 Nd6 13. Bd3 O-O 14. Rc1
c6 15. Ke2 Nd7 16. Rc2 f6 17. Rd1 Rfd8 18. Rcd2 Kf7 19. g4 g6 20. h4 Re8 21. g5
f5 22. Rh1 Ne4 23. Rdd1 Nd6 24. Rh3 Rh8 25. h5 Kg7 26. a3 Rae8 27. Ne5 Nxe5 28.
dxe5 Nc8 29. Rh4 Nb6 30. Rc1 Rd8 31. b4 Nd5 32. bxa5 gxh5 33. Rxh5 Ra8 34. a6
bxa6 35. Rxc6 Rhe8 36. Rh6 Rad8 37. Bxa6 f4 38. Bd3 fxe3 39. fxe3 Rb8 40. Rxh7+
Kg8 41. g6 Rb2+ 42. Rc2 Rb3 43. Ra7 Rd8 44. Bc4 Rxe3+ 45. Kd2 Rxe5 46. Bxd5
Rexd5+ 47. Ke3 Rg5 48. g7 Rxg7 49. Rxg7+ Kxg7 50. a4 Ra8 51. Ra2 Ra5 52. Kd4
Kf6 53. Kc4 Kf5 54. Kb4 Ra8 55. Rf2+ Ke4 56. Rf6 Kd5 57. a5 Rb8+ 58. Ka4 e5 59.
Rf7 Rb1 60. a6 e4 61. a7 Ra1+ 62. Kb5 Rb1+ 63. Ka6 Ra1+ 64. Kb7 Rb1+ 65. Kc7
Ra1 66. Kb8 e3 67. a8=Q+ Rxa8+ 68. Kxa8 Kd4 69. Re7 Kd3 70. Rxe3+ Kxe3 1/2-1/2

[Event "Championship Saratov region 2014"]
[Site "Saratov"]
[Date "2014.12.06"]
[Round "1.11"]
[White "Vdovin, Sergey"]
[Black "Palin, Denis"]
[Result "0-1"]
[WhiteElo "1792"]
[BlackElo "2108"]
[PlyCount "78"]
[EventDate "2014.12.06"]

1. e4 e6 2. d4 d5 3. e5 c5 4. Qg4 cxd4 5. Nf3 Nc6 6. Bd3 Qb6 7. O-O Bd7 8. a3
O-O-O 9. b4 f6 10. Qg3 Qc7 11. c4 dxc4 12. Bxc4 Nxe5 13. Nxe5 fxe5 14. Bg5 Nf6
15. Nd2 Kb8 16. Rac1 Qd6 17. Rfe1 h6 18. Bxf6 gxf6 19. Ne4 Qe7 20. Qg6 Bg7 21.
Nc5 Bc8 22. f4 h5 23. fxe5 fxe5 24. Rf1 Rh6 25. Rf7 Rxg6 26. Rxe7 Bh6 27. Rc2
Rf6 28. h3 Bf8 29. Rh7 Rh6 30. Rf7 Bxc5 31. bxc5 Bd7 32. Re2 Bc6 33. Rxe5 d3
34. Bb3 Rg6 35. Rf2 Rdg8 36. Kf1 Rxg2 37. Rxg2 Bxg2+ 38. Ke1 Bxh3 39. Bxe6 Re8
0-1

[Event "Championship Saratov region 2014"]
[Site "Saratov"]
[Date "2014.12.06"]
[Round "1.12"]
[White "Protopopova, Anastasiya"]
[Black "Machkalyan, Karen"]
[Result "1-0"]
[WhiteElo "2075"]
[BlackElo "1769"]
[PlyCount "49"]
[EventDate "2014.12.06"]

1. Nf3 e6 2. c4 Nf6 3. Nc3 c5 4. g3 b6 5. Bg2 Bb7 6. O-O d5 7. cxd5 Nxd5 8. d4
h6 9. Re1 Be7 10. e4 Nxc3 11. bxc3 O-O 12. Rb1 Nd7 13. d5 exd5 14. exd5 Nf6 15.
c4 Bd6 16. Bb2 Re8 17. Qc2 Nd7 18. Rxe8+ Qxe8 19. Re1 Qf8 20. Nh4 b5 21. Nf5 g6
22. Bg7 Qb8 23. Nxd6 Qxd6 24. Bxh6 bxc4 25. Re6 1-0

[Event "Championship Saratov region 2014"]
[Site "Saratov"]
[Date "2014.12.06"]
[Round "1.13"]
[White "Tyapkin, Petr"]
[Black "Guliev, Gasan"]
[Result "1/2-1/2"]
[WhiteElo "1750"]
[BlackElo "2064"]
[PlyCount "145"]
[EventDate "2014.12.06"]

1. d4 d5 2. Nf3 Nf6 3. c4 e6 4. Bg5 Bb4+ 5. Nc3 h6 6. Bxf6 Qxf6 7. e3 O-O 8.
Bd3 dxc4 9. Bxc4 Nc6 10. O-O Bxc3 11. bxc3 e5 12. Bd5 exd4 13. cxd4 Ne7 14. Bc4
Bg4 15. Be2 Rfd8 16. Rc1 c6 17. Qb3 b5 18. h3 Be6 19. Qb1 a5 20. Ne5 b4 21. Bf3
Bd5 22. Bxd5 Rxd5 23. Qb3 c5 24. Rxc5 Rxc5 25. Nd7 Qg5 26. Nxc5 Ng6 27. Ne4 Qe7
28. Nc5 Qg5 29. Ne4 Qf5 30. Nc5 Nh4 31. e4 Qf6 32. Qe3 Rd8 33. d5 Qb2 34. Qb3
Qd4 35. Qe3 Qc4 36. Nb3 a4 37. Rc1 Qb5 38. Nd4 Qb7 39. Nc6 Re8 40. Rb1 f5 41.
Rxb4 Qf7 42. d6 f4 43. Qd3 Qd7 44. Qd5+ Kh7 45. Ne5 Qc8 46. Qc6 Qd8 47. Qc7 Qg5
48. Ng4 f3 49. d7 Rd8 50. Rd4 fxg2 51. Rd5 Qe7 52. Qf4 Rxd7 53. Rxd7 Qxd7 54.
Qc1 Qd3 55. e5 Qxh3 56. Qc2+ Ng6 57. Nh2 a3 58. Qe4 Qe6 59. Kxg2 Qxe5 60. Qc2
Qb2 61. Qc4 Qb7+ 62. f3 h5 63. Nf1 Qb2+ 64. Kg1 h4 65. Qg4 Qb6+ 66. Kg2 Kh6 67.
f4 Qb2+ 68. Kh1 Qf6 69. Ne3 Qxf4 70. Nf5+ Kh7 71. Qh5+ Kg8 72. Qxg6 Qf1+ 73.
Kh2 1/2-1/2

[Event "Championship Saratov region 2014"]
[Site "Saratov"]
[Date "2014.12.06"]
[Round "1.14"]
[White "Zhdanov, Petr"]
[Black "Kavyev, Emil"]
[Result "0-1"]
[WhiteElo "2060"]
[BlackElo "1714"]
[PlyCount "72"]
[EventDate "2014.12.06"]

1. e4 c5 2. Nf3 d6 3. d4 cxd4 4. Nxd4 Nf6 5. Nc3 a6 6. h3 Nbd7 7. g4 h6 8. Bg2
e6 9. Be3 Be7 10. Qe2 Qc7 11. f4 Nb6 12. O-O-O Bd7 13. Nf3 Na4 14. Nxa4 Bxa4
15. Rd4 Bb5 16. Qd2 d5 17. exd5 Nxd5 18. Bf2 Bc5 19. Rxd5 exd5 20. Re1+ Be7 21.
Bh4 f6 22. Nd4 Bd7 23. Bxd5 Kf8 24. Be6 Bd6 25. Rf1 Re8 26. Bxd7 Qxd7 27. Nf5
Rd8 28. Bf2 Be7 29. Qc3 Kg8 30. Re1 Bd6 31. Qc4+ Kh7 32. Qe4 Rhe8 33. Ne7+ f5
34. Qxf5+ Qxf5 35. Nxf5 Rxe1+ 36. Bxe1 Bxf4+ 0-1

[Event "Championship Saratov region 2014"]
[Site "Saratov"]
[Date "2014.12.06"]
[Round "1.15"]
[White "Davydov, Artem"]
[Black "Kruzhilin, Aleksey"]
[Result "0-1"]
[WhiteElo "1713"]
[BlackElo "2059"]
[PlyCount "38"]
[EventDate "2014.12.06"]

1. c4 Nf6 2. Nc3 e6 3. g3 d5 4. cxd5 exd5 5. d4 c6 6. Bg2 Bd6 7. Nf3 O-O 8. O-O
Re8 9. e3 Nbd7 10. a3 a5 11. Nd2 Qb6 12. Re1 Nf8 13. Nb3 Bf5 14. Kh1 Qc7 15. f3
Ng6 16. e4 dxe4 17. fxe4 Ng4 18. Re2 Bxg3 19. exf5 Bf2 0-1

[Event "Championship Saratov region 2014"]
[Site "Saratov"]
[Date "2014.12.06"]
[Round "1.16"]
[White "Khatkevich, Alexandr"]
[Black "Tatarinov, Andrey"]
[Result "1/2-1/2"]
[WhiteElo "2049"]
[BlackElo "1625"]
[PlyCount "116"]
[EventDate "2014.12.06"]

1. e4 c5 2. Nf3 e6 3. c4 Nc6 4. Nc3 a6 5. d4 cxd4 6. Nxd4 Qc7 7. Be3 Nf6 8. Be2
Bb4 9. Nxc6 bxc6 10. Qc2 O-O 11. O-O d5 12. Bf3 Bb7 13. c5 e5 14. a3 Bxc3 15.
bxc3 Rfd8 16. Rfd1 Rac8 17. Rab1 a5 18. Bg5 Qe7 19. Qb3 Rc7 20. Qb6 h6 21. Bxf6
gxf6 22. Qxa5 f5 23. exd5 cxd5 24. c6 Bxc6 25. Bxd5 Bxd5 26. Rxd5 Rxd5 27. Qxd5
Rxc3 28. a4 Qc7 29. g3 Rc5 30. Qd2 Kg7 31. Ra1 Qa5 32. Qxa5 Rxa5 33. f3 Kf6 34.
Kf2 Ke6 35. Ke3 f6 36. Kd3 Kd5 37. Kc3 Kc5 38. Kb3 e4 39. Rc1+ Kb6 40. fxe4
fxe4 41. Rf1 f5 42. g4 fxg4 43. Rf6+ Kc7 44. Rxh6 Rd5 45. Kc4 Rd2 46. Re6 Rxh2
47. Rxe4 g3 48. Rg4 g2 49. Kb5 Rh5+ 50. Ka6 Rh6+ 51. Ka7 Rh4 52. Rg7+ Kc6 53.
Rg6+ Kc7 54. a5 Rh2 55. a6 Kc8 56. Rg8+ Kc7 57. Rg7+ Kc6 58. Rg6+ Kc7 1/2-1/2

[Event "Championship Saratov region 2014"]
[Site "Saratov"]
[Date "2014.12.06"]
[Round "1.17"]
[White "Stepanov, Nikolay"]
[Black "Raisov, Idris"]
[Result "1-0"]
[WhiteElo "1602"]
[BlackElo "2049"]
[PlyCount "71"]
[EventDate "2014.12.06"]

1. d4 d5 2. c4 dxc4 3. Nf3 Nf6 4. e3 Bf5 5. Bxc4 e6 6. O-O Be7 7. Nc3 O-O 8.
Qb3 b6 9. Ne5 Nfd7 10. Nxd7 Nxd7 11. e4 Bg6 12. Be3 Nf6 13. f3 c6 14. Rfd1 Qc7
15. Rac1 Rad8 16. e5 Ne8 17. Ba6 Qb8 18. Ne2 Nc7 19. Bd3 Qb7 20. Bxg6 hxg6 21.
Nf4 Nd5 22. Nxd5 Rxd5 23. Qc2 Rc8 24. Qe4 Qa6 25. a3 Qb5 26. Rd2 Rcd8 27. Rdc2
c5 28. dxc5 Rd1+ 29. Kf2 Bh4+ 30. Qxh4 Qf1+ 31. Kg3 Qe1+ 32. Bf2 Qxe5+ 33. Qf4
Qxf4+ 34. Kxf4 bxc5 35. Rxd1 Rxd1 36. Bxc5 1-0

[Event "Championship Saratov region 2014"]
[Site "Saratov"]
[Date "2014.12.06"]
[Round "1.18"]
[White "Sudnik, Pavel"]
[Black "Golbraikh, Leonid"]
[Result "1-0"]
[WhiteElo "2032"]
[BlackElo "1576"]
[PlyCount "57"]
[EventDate "2014.12.06"]

1. e4 e5 2. Nc3 Nf6 3. g3 Nc6 4. Bg2 Be7 5. d3 d6 6. h3 Be6 7. Nge2 O-O 8. O-O
Qd7 9. Kh2 d5 10. exd5 Nxd5 11. f4 f6 12. f5 Bf7 13. g4 Nxc3 14. Nxc3 Rab8 15.
Be3 a6 16. Qd2 Bb4 17. a3 Be7 18. Be4 Nd4 19. Qg2 c6 20. Rf2 Qd8 21. Rg1 Rc8
22. h4 Kh8 23. g5 fxg5 24. hxg5 Bg8 25. f6 gxf6 26. g6 hxg6 27. Qh3+ Kg7 28.
Bxg6 Re8 29. Qh6# 1-0

[Event "Championship Saratov region 2014"]
[Site "Saratov"]
[Date "2014.12.06"]
[Round "1.19"]
[White "Dmitrieva, Galina"]
[Black "Aseeva, Anastasia"]
[Result "0-1"]
[WhiteElo "1544"]
[BlackElo "1983"]
[PlyCount "116"]
[EventDate "2014.12.06"]

1. d4 Nf6 2. c4 e6 3. Nc3 Bb4 4. Qc2 c5 5. dxc5 O-O 6. Nf3 Nc6 7. Bg5 Bxc5 8.
e3 b6 9. a3 Be7 10. Bd3 h6 11. Bh4 Bb7 12. O-O Rc8 13. Rad1 Na5 14. Qe2 Ne8 15.
Bg3 d6 16. Nd4 a6 17. f4 Qc7 18. Rc1 Bf6 19. Ne4 Bxd4 20. exd4 Nb3 21. Rc3 Nxd4
22. Qf2 Nf5 23. b4 a5 24. Qe1 Nxg3 25. Qxg3 f5 26. Nd2 Nf6 27. Re1 Rfe8 28.
Rcc1 Qc6 29. Re3 Nh5 30. Qf2 Nxf4 31. Rg3 Nxd3 32. Rxd3 Rcd8 33. Rg3 Re7 34.
Qf4 Kf8 35. Nf3 Qe4 36. Qd2 axb4 37. axb4 f4 38. Rg4 e5 39. Nh4 g5 40. Nf3 Qf5
41. h3 Rg7 42. c5 bxc5 43. bxc5 d5 44. c6 Bc8 45. Qb4+ Kg8 46. c7 Rf8 47. Qc5
h5 48. Qxd5+ Be6 49. Qd8 hxg4 50. hxg4 Qxg4 51. Nxe5 Qe2 52. Qd6 Qe3+ 53. Kf1
Qxc1+ 54. Kf2 Qc2+ 55. Kf1 Bc4+ 56. Nxc4 Qxc4+ 57. Kf2 Qxc7 58. Qe6+ Qf7 0-1

[Event "Championship Saratov region 2014"]
[Site "Saratov"]
[Date "2014.12.07"]
[Round "2.1"]
[White "Petukhov, Dmitry"]
[Black "Protopopova, Anastasiya"]
[Result "0-1"]
[WhiteElo "2359"]
[BlackElo "2075"]
[PlyCount "88"]
[EventDate "2014.12.06"]

1. Nf3 Nf6 2. c4 e6 3. Nc3 d5 4. e3 c5 5. cxd5 exd5 6. d4 cxd4 7. Nxd4 Nc6 8.
Be2 Be7 9. Bf3 O-O 10. O-O Be6 11. b3 Qa5 12. Bb2 Rfd8 13. a3 Rac8 14. Nxe6
fxe6 15. Bg4 Kf7 16. b4 Bxb4 17. axb4 Qxb4 18. Bxe6+ Kxe6 19. Qe2 Kf7 20. Nb5
a6 21. Bxf6 Kxf6 22. Qf3+ Kg6 23. Rab1 Qh4 24. Nd4 Nxd4 25. exd4 b5 26. Rbe1
Rc6 27. Re5 Rf6 28. Qd3+ Kf7 29. g3 Qh3 30. Rfe1 Kg8 31. Qe2 Rdf8 32. f4 Qd7
33. Re7 Qd6 34. Qg4 R6f7 35. R7e5 Qb4 36. Qd1 Rf5 37. Kg2 a5 38. Rxf5 Rxf5 39.
Qe2 Rf8 40. Rc1 Qxd4 41. Qe6+ Kh8 42. Rc8 Qb4 43. Qf5 Rg8 44. Qe6 Qe4+ 0-1

[Event "Championship Saratov region 2014"]
[Site "Saratov"]
[Date "2014.12.07"]
[Round "2.2"]
[White "Kruzhilin, Aleksey"]
[Black "Sanzhaev, Darsen"]
[Result "0-1"]
[WhiteElo "2059"]
[BlackElo "2344"]
[PlyCount "110"]
[EventDate "2014.12.06"]

1. d4 d5 2. c4 e6 3. Nf3 Nf6 4. g3 dxc4 5. Bg2 Nc6 6. Qa4 Bb4+ 7. Bd2 Nd5 8.
Bxb4 Ndxb4 9. O-O Rb8 10. Ne5 O-O 11. Nxc6 Nxc6 12. Bxc6 bxc6 13. Qxc4 Qd6 14.
a3 e5 15. dxe5 Qxe5 16. Nc3 Bh3 17. Rfd1 Rxb2 18. Qxc6 Rc2 19. Rac1 Rxc1 20.
Rxc1 Rd8 21. Rd1 Rxd1+ 22. Nxd1 h6 23. Nc3 Qd4 24. Qe8+ Kh7 25. Qe4+ Qxe4 26.
Nxe4 Kg6 27. f3 Bc8 28. Kf2 Kf5 29. Nc3 Ke5 30. e4 Kd4 31. Nb5+ Kc4 32. Nxc7 a5
33. Ke3 Kb3 34. Kd4 a4 35. Nd5 Kxa3 36. Kc3 Ka2 37. Kc2 Bh3 38. Ne3 Be6 39. Nd5
h5 40. f4 f5 41. Nb4+ Ka3 42. exf5 Bxf5+ 43. Kc3 Be4 44. Na6 Ka2 45. Nc5 Bc6
46. Kc2 a3 47. h3 Bf3 48. Kc1 Bg2 49. h4 Bh3 50. Nd3 Bf5 51. Nc5 g6 52. Na4 Kb3
53. Nc5+ Kc3 54. Na4+ Kb4 55. Nb6 Kb3 0-1

[Event "Championship Saratov region 2014"]
[Site "Saratov"]
[Date "2014.12.07"]
[Round "2.3"]
[White "Aseeva, Anastasia"]
[Black "Dmitriev, Igor"]
[Result "1/2-1/2"]
[WhiteElo "1983"]
[BlackElo "2279"]
[PlyCount "103"]
[EventDate "2014.12.06"]

1. d4 e6 2. c4 Bb4+ 3. Bd2 a5 4. g3 Nf6 5. Bg2 O-O 6. Nf3 d5 7. a3 Be7 8. Qc2
Ne4 9. Bf4 c6 10. Nc3 f5 11. h4 Nd7 12. Ne5 Bf6 13. Nf3 Qe8 14. e3 b6 15. cxd5
exd5 16. O-O Ba6 17. Rfe1 Rc8 18. b4 h6 19. bxa5 bxa5 20. Qb2 Qe7 21. Nxe4 fxe4
22. Ne5 Bxe5 23. Bxe5 Bc4 24. Rac1 Nxe5 25. dxe5 Rb8 26. Qa1 Rb3 27. Rc2 Rxa3
28. Qc1 Bb5 29. Bf1 Rb3 30. Qa1 a4 31. Rd1 Qb4 32. e6 Qd6 33. Bh3 a3 34. Qa2
Rd3 35. Rdc1 Bc4 36. Qa1 a2 37. Bf1 Qxe6 38. Bxd3 exd3 39. Rxa2 Bxa2 40. Qxa2
Qg4 41. Rxc6 Qd1+ 42. Kh2 Qf1 43. Qxd5+ Kh8 44. f4 Qe2+ 45. Kh3 d2 46. Rd6 Qf1+
47. Kg4 Qd1+ 48. Kh3 Qf1+ 49. Kg4 Qe2+ 50. Kh3 Qf1+ 51. Kg4 Qe2+ 52. Kh3
1/2-1/2

[Event "Championship Saratov region 2014"]
[Site "Saratov"]
[Date "2014.12.07"]
[Round "2.4"]
[White "Biryukov, Dmitriy"]
[Black "Sudnik, Pavel"]
[Result "1-0"]
[WhiteElo "2278"]
[BlackElo "2032"]
[PlyCount "55"]
[EventDate "2014.12.06"]

1. e4 c5 2. Nf3 Nc6 3. d4 cxd4 4. Nxd4 e5 5. Nb5 a6 6. Nd6+ Bxd6 7. Qxd6 Qe7 8.
Qd1 Nf6 9. Nc3 h6 10. Be3 b5 11. f3 Bb7 12. Qd2 O-O 13. O-O-O Rfd8 14. Qd6 Qe6
15. Qc7 Rab8 16. Nd5 d6 17. Nxf6+ gxf6 18. Qb6 Qxa2 19. Bxh6 Nd4 20. Rxd4 exd4
21. Qxd4 Qe6 22. Bd3 d5 23. exd5 Rxd5 24. Qf4 Rc8 25. Qg3+ Rg5 26. Bxg5 fxg5
27. Qxg5+ Kf8 28. Bf5 1-0

[Event "Championship Saratov region 2014"]
[Site "Saratov"]
[Date "2014.12.07"]
[Round "2.5"]
[White "Kavyev, Emil"]
[Black "Karpenko, Artem"]
[Result "0-1"]
[WhiteElo "1714"]
[BlackElo "2165"]
[PlyCount "70"]
[EventDate "2014.12.06"]

1. e4 c5 2. Nf3 e6 3. d4 cxd4 4. Nxd4 a6 5. Bd3 Qc7 6. c4 Nf6 7. O-O Nc6 8.
Nxc6 dxc6 9. Qe2 e5 10. b3 Bc5 11. a3 Bd4 12. Ra2 Bg4 13. Qc2 Qd7 14. Kh1 Rd8
15. f3 Be6 16. Rd1 Qe7 17. Qe2 O-O 18. Bg5 h6 19. Bxf6 Qxf6 20. Rad2 Rd7 21. b4
Qg5 22. Bc2 b5 23. Bb3 Rfd8 24. Ba2 Qe7 25. g3 Kh7 26. Kg2 f6 27. c5 Ra7 28.
Bxe6 Qxe6 29. Rd3 a5 30. Nd2 axb4 31. axb4 Ra2 32. g4 Rda8 33. Kg3 R8a4 34. Qf1
Rxb4 35. Nb3 Rxb3 0-1

[Event "Championship Saratov region 2014"]
[Site "Saratov"]
[Date "2014.12.07"]
[Round "2.6"]
[White "Efimov, Ivan"]
[Black "Kavyev, Ruslan"]
[Result "0-1"]
[WhiteElo "2157"]
[BlackElo "1854"]
[PlyCount "74"]
[EventDate "2014.12.06"]

1. d4 Nf6 2. c4 c5 3. Nf3 cxd4 4. Nxd4 e5 5. Nb5 d5 6. cxd5 Bc5 7. N1c3 O-O 8.
e3 a6 9. Na3 b5 10. Nc2 e4 11. Be2 Qe7 12. a3 Rd8 13. b4 Bd6 14. Nd4 Qe5 15.
Qb3 Bb7 16. f4 exf3 17. Bxf3 Bc7 18. d6 Bb6 19. Bxb7 Bxd4 20. Ne2 Bxa1 21. Bxa8
Qxd6 22. O-O Nc6 23. Bxc6 Qxc6 24. Rd1 Rd5 25. Nf4 Qc3 26. Qxd5 Nxd5 27. Nxd5
Qe5 28. Nf4 h6 29. Bd2 Bc3 30. Nd3 Qf6 31. Bc1 Qd6 32. Nf2 Qe6 33. Rd3 Qc4 34.
g3 Be1 35. Rd8+ Kh7 36. Nd3 Bc3 37. Nf2 Qe2 0-1

[Event "Championship Saratov region 2014"]
[Site "Saratov"]
[Date "2014.12.07"]
[Round "2.8"]
[White "Palin, Denis"]
[Black "Stepanov, Nikolay"]
[Result "1-0"]
[WhiteElo "2108"]
[BlackElo "1602"]
[PlyCount "63"]
[EventDate "2014.12.06"]

1. c4 e5 2. Nc3 Nf6 3. g3 Nc6 4. Bg2 Bc5 5. e3 O-O 6. Nge2 d6 7. d4 exd4 8.
exd4 Bb6 9. O-O Bg4 10. h3 Bh5 11. g4 Bg6 12. f4 h6 13. f5 Bh7 14. Be3 Qe7 15.
Qd2 Rfe8 16. Bf2 Qf8 17. Kh1 Ba5 18. a3 Bxc3 19. Nxc3 Kh8 20. b4 Rab8 21. Bh4
Nd7 22. Nd5 Rbc8 23. b5 Nd8 24. Rae1 f6 25. Rxe8 Qxe8 26. Re1 Qf8 27. Ne7 Ra8
28. Qa5 c6 29. Qc7 Nb6 30. Qxd6 Nf7 31. Qb4 Rd8 32. bxc6 1-0